000 00200 a2200097 4500
001 23000
100 _aBarker, L M
245 _aPears Encyclopedia
260 _a
_bPears
_c1955
090 _c15553
_d15553
942 _aNUST-CAE
_cM
_c6173
999 _c258073
_d258073